Un animal valide par famille de mammifères - Difficile - Statistiques

Statistiques générales
  • Ce quiz a été pris 76 fois
  • Le résultat moyen est 60 sur 156
Statistiques - réponses
Famille Animaux % Correct
Félidés Chat | Guépard | Jaguar | Léopard | Lion | Lynx | Ocelot | Panthère | Puma | Tigre
94%
Canidés Chacal | Chien | Coyote | Dingo | Fennec | Loup | Lycaon | Renard | Tanuki
93%
Équidés Âne | Cheval | Zèbre
87%
Bovidés Antilope | Bison | Bœuf | Bouquetin | Buffle | Chamois | Chèvre | Gazelle | Gnou | Mouton
86%
Balénidés | Cétothéridés | Eschrichtidés | Ziphiidés Baleine
86%
Balénopteridés Baleine | Rorqual
86%
Monodontidés Béluga | Narval
86%
Cricétidés Campagnol | Hamster | Lemming | Rat | Rat musqué | Souris
86%
Muridés Gerbille | Mulot | Rat | Souris | Surmulot
83%
Giraffidés Girafe | Okapi
83%
Nésomyidés Rat
83%
Hétéromidés Souris
83%
Éléphantidés Éléphant
80%
Thryonomyidés Aulacode
79%
Suidés Babiroussa | Cochon | Phacochère | Sanglier
79%
Cercopithécidés Babouin | Macaque | Mandrill | Nasique
79%
Hominidés Bonobo | Chimpanzé | Gorille | Humain | Orang-outan
79%
Delphinidés Dauphin | Globicéphale | Orque
79%
Cavidés Capybara | Cobaye | Cochon d'Inde
77%
Tarsipédidés Souris
77%
Mustélidés Belette | Blaireau | Fouine | Furet | Glouton | Hermine | Loutre | Martre | Putois | Zibeline
76%
Macroscélididés Macroscélide
76%
Ursidés Ours | Panda
76%
Cervidés Cerf | Chevreuil | Daim | Élan | Renne | Wapiti
74%
Géomydés Gaufre
74%
Capromyidés Hutia
74%
Octodontidés Octodon
74%
Pétromuridés | Échymyidés Rat
74%
Spalacidés Rat | Rat-taupe
74%
Cténomyidés Tuco-tuco
74%
Inidés | Lipotidés | Platanistidés | Pontoporidés Dauphin
73%
Macropodidés Kangourou | Wallaby
73%
Rhinocérotidés Rhinocéros
73%
Hippopotamidés Hippopotame
71%
Léporidés Lapin | Lièvre
70%
Atélidés Atèle
66%
Phascolarctidés Koala
64%
Cébidés Capucin
63%
Sciuridés Chien de prairie | Écureuil | Écureuil volant | Marmotte | Tamia
59%
Ornithorhynchidés Ornithorynque
59%
Ailuridés Panda roux
59%
Camélidés Alpaga | Chameau | Dromadaire | Lama | Vigogne
57%
Vespertilionidés Chauve-souris | Murin | Noctule | Oreillard | Pipistrelle | Vespertilion
50%
Hyénidés Hyène
49%
Lémuridés Lémur
49%
Otariidés Lion de mer | Otarie
49%
Bradypodidés Paresseux
49%
Castoridés Castor
47%
Craséonyctéridés | Emballonuridés | Furiptéridés | +7 others Chauve-souris
47%
Rhinolophidés Chauve-souris | Rhinolophe
47%
Phyllostomidés Chauve-souris | Vampire
47%
Ptéropodidés Roussette
47%
Chinchillidés Chinchilla | Viscache
46%
Phocidés Éléphant de mer | Léopard de mer | Phoque
46%
Tenrecidés Hérisson
46%
Antilocapridés Antilocapre
44%
Calomyscidés Hamster
41%
Cheirogaleidés Lémur
41%
Herpestidés Mangouste | Suricate
41%
Mégalonychidés Paresseux
41%
Procyonidés Coati | Kinkajou | Raton laveur
40%
Méphitidés Mouffette
40%
Myrmécophagidés Fourmilier | Tamanoir
39%
Tapiridés Tapir
37%
Chrysochloridés | Talpidés Taupe
37%
Ochotonidés Pika
36%
Odobénidés Morse
34%
Érinacéidés Hérisson
31%
Soricidés Musaraigne
30%
Cyclopédidés Fourmilier
29%
Callitrichidés Ouistiti | Tamarin
29%
Dasyuridés Diable de Tasmanie
27%
Pithéciidés Titi
27%
Kogiidés | Physétéridés Cachalot
26%
Eupléridés Civette | Genette | Mangouste
24%
Hylobatidés Gibbon
21%
Cténodactylidés Goundi
21%
Trichéchidés Lamantin
21%
Burramyidés Opossum
21%
Didelphidés Opossum | Sarigue
21%
Hystricidés | Éréthizontidés Porc-épic
21%
Tachyglossidés Échidné
20%
Vombatidés Wombat
20%
Chlamyphoridés | Dasypodidés Tatou
17%
Daubentonidés Aye-aye
16%
Oryctéropodidés Oryctérope
16%
Manidés Pangolin
16%
Tarsiidés Tarsier
16%
Myocastoridés Ragondin
14%
Viverridés Civette | Genette
11%
Dugongidés Dugong
11%
Phocœnidés Marsouin
11%
Platacanthomyidés Loir
10%
Gliridés Loir | Lérot | Muscardin
10%
Bathyergidés Rat-taupe
10%
Dipodidés Gerboise
7%
Phalangéridés Couscous | Phalanger
6%
Anomaluridés Écureuil volant
6%
Acrobatidés Acrobate
4%
Dasyproctidés Agouti
4%
Nandinidés Civette
4%
Procaviidés Daman
4%
Prionodontidés Linsang
4%
Pseudocheiridés | Pétauridés Phalanger
4%
Lorisidés Loris
3%
Chaeropodidés | Péramélidés Bandicoot
1%
Tragulidés Chevrotain
1%
Microbiothériidés Colocolo
1%
Tayassuidés Pécari
1%
Potoroïdés Rat-kangourou
1%
Hipposidéridés Asellia
0%
Thylacomyidés Bilbi
0%
Aplodontidés Castor de montagne
0%
Aotidés Douroucouli
0%
Myrmécobiidés Fourmilier marsupial
0%
Galagidés Galago
0%
Indridés Indri
0%
Hypsiprymnodontidés Kangourou-rat
0%
Cynocéphalidés Lémur volant
0%
Lépilémuridés Lépilémur
0%
Pédétidés Lièvre sauteur
0%
Natalidés Natalide
0%
Nycteridés Nyctère
0%
Cuniculidés Paca
0%
Dinomyidés Pacarana
0%
Moschidés Porte-musc
0%
Potamogalidés Potamogale
0%
Mormoopidés Ptéronote
0%
Ptilocercidés Ptilocerque
0%
Abrocomidés Rat-chinchilla
0%
Caenolestidés Rat marsupial
0%
Solénodontidés Solénodon
0%
Notoryctidés Taupe marsupiale
0%
Tupaiidés Toupaye
0%
Aucun quiz correspondant
Distribution des résultats
% des personnes avec chaque résultat
Percentile par nombre de réponses
Votre historique - résultats
Vous n’avez pas pris ce quiz